00774nam a22001097a 4500008004100000100004000041245004600081260004700127300003200174520041100206773004700617240903b ||||| |||| 00| 0 eng d aLodha, JS. Bafna, P and Samar, R.  aSenior citizens and social security laws  aMadhya Pradesh Journal of Social Sciences  a 27(1), Jun, 2022: p.1-12  aThe social security laws for senior citizens are numerous and they have changed the dimension of the social security provided to senior citizens. This article begins with the problems encountered by senior citizens in the current time and states about constitutional framework laying out social security of senior citizens and highlights the provision of various acts relating to the same. – Reproduced  aMadhya Pradesh Journal of Social Sciences